000 00622nam a22002297a 4500
003 UA-OsUOA
001 96967
007 ta
008 20130325b un ||||| |||| 00| 0 ukr d
100 _aМванги М.
090 _a821.111
_bМ39
942 _cBK
040 _aUA-OsUOA
_brus
_cUA-OsUOA
_dUA-OsUOA
245 _aНеприкаянные
_bповесть
300 _a183 с.
955 _a3
041 _arus
080 _a821.111
260 _aМ.
_bХудожественная литература
_c1979
650 7 _a82 Література. Літературознавство
_2UDC
999 _c383216
_d383216